000 00697nam a2200205 i 4500
001 64818
003 ES-MaACL
005 20251012195122.0
007 t|
008 040105s1965 sp ||||1| spa d
100 1 _aFoulquié, Paul.
_951945
245 1 0 _aPsicología contemporánea /
_cPaul Foulquié ; con la colaboración de Gérard Deledalle ; [traducción española por Luis Cuèllar Bassols].
260 _aBarcelona :
_bLabor,
_c1965.
300 _aXIX, 392 p. :
_bil. ;
_c22 cm.
650 0 0 _aPsicología-
_yS.XX.
_916550
700 1 _aDeledalle, Gérard,
_d1921-2003
_9171132
700 1 _aCuèllar i Bassols, Lluís.
_941982
852 _aES-MaACL
_jC-27200
999 _c64818
_d64818